01737cam a22003255a 45000010009000000050017000090080041000260200015000670200019000820400029001010820020001301000030001502450087001802600061002673000034003284900054003625000093004165000022005095040031005315050431005626500046009936500031010396500040010706510010011106530036011206500050011569420020012069990017012269520168012431554880120201128023550.0081208t2009 caua frb 001 0 eng d a0470283548 a9780470283547  aDLCcDLCdEG-ScBUE beng04a370.72222bMER1 aMerriam, Sharan B.93875010aQualitative research :ba guide to design and implementation /cSharan B. Merriam. aSan Francisco :bJossey-Bass / A Wiley Imprint,cc.2009. axvi, 304 p. :bill. ;c23 cm.0 aThe Jossey-Bass higher and adult education series aRevised and expanded from Qualitative research and case study applications in education. aIncludes indexes. aBibliography : p. 271-286.0 aWhat is qualitative research? -- Types of qualitative research -- Qualitative case study research -- Designing your study and selecting a sample -- Conducting effective interviews -- Being a careful observer -- Mining data from documents -- Qualitative data analysis -- Dealing with validity, reliability, and ethics -- Writing qualitative research reports -- Appendix: the methodology section of a qualitative research study. 0aEducationxResearchvCase studies.2BUEsh 7aCase method.2BUEsh934827 7aQualitative research.2BUEsh912337 2BUEsh bEEENGcAugust2015cNovember2015 791051aEducationxResearchxMethodology2BUEsh 2ddck370.72 MER c20785d20757 00102ddc40708BaccahaMAINbMAINc1STd2015-08-31epurchaseg340.00h23317l3m1o370.72 MERp000030852q2022-09-18r2022-07-28 00:00:00s2022-07-28v425.00yBB